| 000 | 01003nam a2200241Ia 4500 | ||
|---|---|---|---|
| 999 |
_c51373 _d51373 |
||
| 001 | 18356 | ||
| 003 | GE_BSU | ||
| 005 | 20211008132514.0 | ||
| 008 | 181216s2014||||ge |||||||||||||| ||geo|| | ||
| 020 | _a9789941935411 | ||
| 040 | _cGE_BSU | ||
| 041 | _ageo | ||
| 080 | _a34(479.22)(09) ქ-27 | ||
| 245 |
_aქართული სამართლის ისტორია / _cშემდგ. ბექა ქანთარია ; რედ. იაკობ ფუტკარაძე. |
||
| 264 |
_aთბილისი : _bიურისტების სამყარო, _c2014. |
||
| 300 |
_a330 გვ. ; _c29 სმ. |
||
| 541 | _h22 ლ. | ||
| 653 | _aსამართალი | ||
| 653 | _aქართული სამართლის ისტორია | ||
| 700 |
_aქანთარია, ბექა _eშემდგენელი _97637 |
||
| 700 |
_aფუტკარაძე, იაკობ _eრედაქტორი _912625 |
||
| 942 |
_cBK _2udc |
||